Веб-сервис для управления инвестиционным портфелем; Молодежь и современные информационные технологии

Bibliografske podrobnosti
Parent link:Молодежь и современные информационные технологии.— 2025.— С. 487-492
Glavni avtor: Науменко М. А.
Drugi avtorji: Соколова В. В. Вероника Валерьевна
Izvleček:В статье рассматривается разработка веб-сервиса для управления инвестиционным портфелем, позволяющего оптимизировать процесс принятия решений. В работе анализируются современные тенденции в области цифровизации финансов, а также выявляются основные проблемы, связанные со сбором и анализом рыночных данных
Текстовый файл
Jezik:ruščina
Izdano: 2025
Teme:
Online dostop:http://earchive.tpu.ru/handle/11683/132259
Format: MixedMaterials Elektronski Book Chapter
KOHA link:https://koha.lib.tpu.ru/cgi-bin/koha/opac-detail.pl?biblionumber=681186

MARC

LEADER 00000naa2a2200000 4500
001 681186
005 20250916112446.0
090 |a 681186 
100 |a 20250808d2025 k||y0rusy50 ca 
101 0 |a rus 
102 |a RU 
135 |a drbn ---uucaa 
200 1 |a Веб-сервис для управления инвестиционным портфелем  |f Науменко М. А., Соколова В. В. 
320 |a Список использованных источников: 5 назв 
330 |a В статье рассматривается разработка веб-сервиса для управления инвестиционным портфелем, позволяющего оптимизировать процесс принятия решений. В работе анализируются современные тенденции в области цифровизации финансов, а также выявляются основные проблемы, связанные со сбором и анализом рыночных данных 
336 |a Текстовый файл 
463 1 |0 681090  |9 681090  |t Молодежь и современные информационные технологии  |o сборник трудов XXII Международной научно-практической конференции студентов, аспирантов и молодых ученых, 15–17 апреля 2025 г., Томск  |f под ред. А. С. Беляева  |c Томск  |d 2025  |n Изд-во ТПУ  |u conference_tpu-2025-C04.pdf  |v С. 487-492 
545 1 |a Индустриальное и прикладное программное обеспечение 
610 1 |a электронный ресурс 
610 1 |a труды учёных ТПУ 
610 1 |a инвестиционный портфель 
610 1 |a финансовый анализ 
610 1 |a управление инвестициями 
610 1 |a веб-сервис 
700 1 |a Науменко  |b М. А. 
701 1 |a Соколова  |b В. В.  |c специалист в области информатики и вычислительной техники  |c доцент Томского политехнического университета, кандидат технических наук  |f 1977-  |g Вероника Валерьевна  |9 12846 
801 0 |a RU  |b 63413507  |c 20250808 
850 |a 63413507 
856 4 |u http://earchive.tpu.ru/handle/11683/132259  |z http://earchive.tpu.ru/handle/11683/132259 
942 |c CF